| 000 | 00647nam a2200229Ia 4500 | ||
|---|---|---|---|
| 005 | 20250508170038.0 | ||
| 008 | 008 250505s9999 xx 000 0 eng d | ||
| 020 | _a0-19-80606071-8 | ||
| 037 | _aTextual | ||
| 040 |
_aFEDL _beng _cFEDL |
||
| 041 |
_aeng _2eng |
||
| 084 |
_a500, GUP _qFEDL |
||
| 100 |
_aGupta Vaishali _9554128 |
||
| 245 | 0 | _aNew science in everyday life, class- 4 | |
| 260 |
_aNew Delhi, India _bOxford University Press _c2010 |
||
| 300 | _a128p. | ||
| 365 |
_aINR _b18 |
||
| 546 | _aGifted by Rekha Bhaskar | ||
| 700 |
_a Gupta Anuradha _9782818 |
||
| 942 |
_cTEXL _h500, GUP |
||
| 999 |
_c1398906 _d1398906 |
||